000 00774nam a2200277 i 4500
999 _c3387
_d3387
001 5217805
003 OSt
005 20181112094422.0
008 890418s1979 ilu 000 0 eng
010 _a79083563
020 _a0898030056 :
020 _a0898030250
_c(pbk.)
035 _a0001-10360
040 _aDLC
_cDLC
043 _an-us---
050 0 _aUA23
_b.W32
082 _a355
_bW231E
100 1 _aWalt, Lewis W.,
_d1913-
245 1 4 _aThe eleventh hour /
_cLewis W. Walt ; foreword by Eugene V. Rostow
260 _aOttawa, Ill. :
_bCaroline House Publishers,
_cc1979
300 _axix, 100 p. ;
_c24 cm
650 0 _aNational security
_zUnited States
651 0 _aUnited States
_xDefenses
651 0 _aUnited States
_xMilitary policy
942 _2ddc
_cBK